Grounded - Alle Gegner - Statistiken

Allgemein
  • Dieses Quiz wurde 43 mal gespielt
  • Das Durchschnittsergebnis liegt bei 36 aus 71
Antwortstatistiken
Stufe Gegner % Korrekt
2 Marienkäfer
84%
2 Radnetzspinne
80%
1 Larve
76%
1 Rote Arbeiterameise
76%
3 Wespe
76%
2 Wolfsspinne
76%
3 Assel
72%
2 Biene
72%
- Blattlaus
72%
- Fliege
72%
Boss Mant
72%
1 Rote Kriegerameise
72%
- Rüsselkäfer
72%
2 Schwarze Arbeiterameise
72%
Boss Brutmutter
68%
3 Feuerameisenkönigin
68%
1 Rote Ameisenkönigin
68%
2 Schwarze Ameisenkönigin
68%
3 Schwarze Witwe
68%
- Kaulquappe
64%
2 Schwarze Kriegerameise
64%
3 Kugelkäfer
60%
3 Motte
60%
2 Stechmücke
60%
Boss Wespenkönigin
60%
3 Feuer-Kriegerameise
56%
1 Kleine Radnetzspinne
56%
3 Kranke Assel
56%
Boss Orchideenmantis
56%
- Skarabäus
56%
3 Ameisenlöwe
52%
3 Feuer-Arbeiterameise
52%
2 Infizierter Marienkäfer
52%
Boss Krähe
52%
3 Termitenkönig
52%
3 Wespen-Drohne
52%
2 Baumwanze
48%
2 Glühwürmchen
48%
2 Infizierte Larve
48%
2 Infizierter Rüsselkäfer
48%
3 Infizierte Wolfsspinne
48%
1 Jungspinne
48%
- Made
48%
2 Wasserspinne
48%
3 Zecke
48%
1 Rotes Ameisenbaby
44%
3 Schwarzer Nashornkäfer
44%
3 Termitenarbeiter
44%
1 Wasserfloh
44%
2 Infizierte Fliege
40%
Boss Infizierte Mutterspinne
40%
- Ruderwanze
40%
1 Samtmilbe
40%
3 Staubmilbe
40%
2 Bombardierkäfer
36%
1 Feuerameisenbaby
36%
Boss Koi Fisch
36%
2 Infizierte Samtmilbe
32%
3 Kugelkäfer-Larve
32%
3 Tigermücke
32%
2 Arc.R
28%
Boss Assistant Manager
28%
- Fleischige Fliege
28%
3 Grüne Stinkwanze
28%
3 Kleine Schwarze Witwe
28%
1 Schwarze Ameisenbaby
28%
3 Soldatentermite
28%
Boss Director Schmector
24%
1 Ruz.T
20%
3 Stacheliger Wasserfloh
20%
2 Tayz.T
16%
Keine übereinstimmenden Quizze gefunden
Verteilung der Resultate
Anzahl Personen mit jedem Resultat
Perzentil nach korrekt beantworteten Fragen
Ihre Resultats-Entwicklung
Sie haben dieses Quiz noch nicht gespielt